[Event "World Cup"]
[Site "Khanty-Mansiysk RUS"]
[Date "2007.11.27"]
[Round "2.1"]
[White "Najer,E"]
[Black "Grischuk,A"]
[Result "1/2-1/2"]
[WhiteElo "2635"]
[BlackElo "2715"]
[EventDate "2007.11.24"]

1. e4 e5 2. Nf3 Nc6 3. Nc3 Nf6 4. Bb5 Nd4 5. Bc4 d6 6. Nxd4 exd4 7. Nd5 Nd7
8. O-O g6 9. c3 Bg7 10. cxd4 Bxd4 11. d3 c6 12. Nc3 Ne5 13. Ne2 Bg4 14. Kh1
Bxe2 15. Qxe2 Nxc4 16. dxc4 Qf6 17. Qd3 c5 18. Rb1 O-O 19. b3 Rfe8 20. Be3
Bxe3 21. Qxe3 Qe5 22. Rbe1 Re6 23. Re2 Rae8 24. Rfe1 Qd4 25. Qxd4 cxd4 26.
f3 f5 27. Kg1 d3 28. Rd2 fxe4 29. fxe4 Rxe4 30. Rxe4 Rxe4 31. Rxd3 Re6 32.
Kf2 1/2-1/2

[Event "World Cup"]
[Site "Khanty-Mansiysk RUS"]
[Date "2007.11.27"]
[Round "2.1"]
[White "Akopian,Vl"]
[Black "Ghaem Maghami,E"]
[Result "1/2-1/2"]
[WhiteElo "2713"]
[BlackElo "2591"]
[EventDate "2007.11.24"]

1. e4 c5 2. Nf3 Nc6 3. d4 cxd4 4. Nxd4 g6 5. c4 Nf6 6. Nc3 d6 7. Be2 Nxd4
8. Qxd4 Bg7 9. Be3 O-O 10. Qd2 Be6 11. Rc1 Qa5 12. f3 Rfc8 13. b3 a6 14.
Na4 Qxd2+ 15. Kxd2 Nd7 16. g4 f5 17. gxf5 gxf5 18. Rhg1 Kh8 19. Nc3 Rf8 20.
Nd5 Bxd5 21. exd5 f4 22. Bf2 Ne5 23. c5 dxc5 24. Rxc5 Rad8 25. Rd1 Rd7 26.
Ke1 Rfd8 27. Rd4 Ng6 28. Rb4 b5 29. Re4 Rxd5 30. Rxd5 Rxd5 31. Re6 Bc3+ 32.
Kf1 Rd6 33. Rxd6 exd6 34. a4 bxa4 35. bxa4 a5 36. Bd3 Kg7 37. Ke2 Ne5 38.
Be4 h6 39. Bh4 Bb4 40. Bd5 Nd7 41. Bc6 Ne5 42. Bd5 Nd7 43. Bc6 1/2-1/2

[Event "World Cup"]
[Site "Khanty-Mansiysk RUS"]
[Date "2007.11.27"]
[Round "2.1"]
[White "Fressinet,L"]
[Black "Nevednichy,V"]
[Result "1-0"]
[WhiteElo "2654"]
[BlackElo "2531"]
[EventDate "2007.11.24"]

1. e4 c5 2. Nf3 e6 3. Nc3 a6 4. d4 cxd4 5. Nxd4 d6 6. Be3 Nf6 7. Qd2 b5 8.
f3 h5 9. a4 bxa4 10. Rxa4 Be7 11. Be2 O-O 12. O-O Bb7 13. Rfa1 h4 14. Bf1
Nfd7 15. Nb3 Ne5 16. Na5 Bc8 17. h3 Qc7 18. f4 Ned7 19. Rc4 Qd8 20. Be2 g5
21. fxg5 Ne5 22. Rd4 Nbc6 23. Nxc6 Nxc6 24. Rda4 Ne5 25. Rf1 Kg7 26. Rd4
Qc7 27. Qe1 Rh8 28. Qf2 Bd7 29. Bf4 Be8 30. Kh1 Rb8 31. Bxa6 Rxb2 32. Bb5
Rxc2 33. Qxc2 Bxb5 34. Rc1 Be8 35. Qd2 Qb8 36. Rb1 Qc7 37. Rdb4 Qc5 38. Rb7
Bd8 39. Be3 Qc6 40. Bd4 Ba5 41. Ra7 Bxc3 42. Bxc3 Kh7 43. Bxe5 1-0

[Event "World Cup"]
[Site "Khanty-Mansiysk RUS"]
[Date "2007.11.27"]
[Round "2.1"]
[White "Zvjaginsev,V"]
[Black "Sasikiran,K"]
[Result "1/2-1/2"]
[WhiteElo "2674"]
[BlackElo "2661"]
[EventDate "2007.11.24"]

1. e4 c5 2. Nf3 d6 3. c3 Nf6 4. h3 g6 5. Bd3 Bg7 6. Bc2 e5 7. O-O O-O 8.
Re1 Nc6 9. d3 h6 10. Nbd2 Qc7 11. Nf1 Be6 12. N3h2 Rad8 13. Qf3 Kh7 14. Ne3
Ne7 15. Bb3 Qd7 16. Bxe6 fxe6 17. Qe2 1/2-1/2

[Event "World Cup"]
[Site "Khanty-Mansiysk RUS"]
[Date "2007.11.28"]
[Round "2.2"]
[White "Ivanchuk,V"]
[Black "Galkin,A"]
[Result "1/2-1/2"]
[WhiteElo "2787"]
[BlackElo "2608"]
[EventDate "2007.11.24"]

1. e4 e5 2. Nf3 Nf6 3. Nxe5 d6 4. Nf3 Nxe4 5. d4 d5 6. Bd3 Nc6 7. O-O Be7
8. c4 Nb4 9. cxd5 Nxd3 10. Qxd3 Qxd5 11. Re1 Bf5 12. Ne5 O-O-O 13. Qf3 g6
14. g4 Bh4 15. Nc3 Nxc3 16. bxc3 Be6 17. g5 f6 18. gxf6 Rhf8 19. Qxd5 Bxd5
20. f7 Bxf7 21. Bh6 Bd5 22. Bxf8 Rxf8 23. Re2 Rf5 24. h3 a5 25. a4 b6 26.
Rb1 Rg5+ 27. Ng4 Bc6 28. Ra1 Rf5 29. Raa2 Bd5 30. Rab2 Bc6 31. Ra2 Bd5 32.
Rab2 1/2-1/2

[Event "World Cup"]
[Site "Khanty-Mansiysk RUS"]
[Date "2007.11.28"]
[Round "2.2"]
[White "Pavasovic,D"]
[Black "Svidler,P"]
[Result "0-1"]
[WhiteElo "2597"]
[BlackElo "2732"]
[EventDate "2007.11.24"]

1. e4 e5 2. Nf3 Nc6 3. d4 exd4 4. Nxd4 Bc5 5. Nxc6 Qf6 6. Qd2 dxc6 7. Nc3
Bd4 8. Bd3 Ne7 9. O-O Ng6 10. Ne2 Bb6 11. Nf4 Qh4 12. g3 Qe7 13. Qc3 Bg4
14. Kg2 O-O-O 15. f3 Bd4 16. Qa5 Bd7 17. Rd1 Kb8 18. Qe1 Ne5 19. Be3 Bxe3
20. Qxe3 g5 21. Nh5 f6 22. Be2 c5 23. Rd5 b6 24. Rad1 Rde8 25. g4 Bc6 26.
R5d2 Qf7 27. Qb3 c4 28. Qc3 f5 29. exf5 Nxg4 30. Ng7 Ne3+ 31. Kf2 Nxd1+ 32.
Rxd1 Rxe2+ 33. Kxe2 Rg8 34. f6 Rf8 35. Rd4 h6 36. h4 gxh4 37. Rxh4 Qg6 0-1

[Event "World Cup"]
[Site "Khanty-Mansiysk RUS"]
[Date "2007.11.28"]
[Round "2.2"]
[White "Socko,B"]
[Black "Almasi,Z"]
[Result "0-1"]
[WhiteElo "2646"]
[BlackElo "2691"]
[EventDate "2007.11.24"]

1. d4 d5 2. c4 c6 3. Nf3 Nf6 4. e3 Bf5 5. Nc3 e6 6. Nh4 Be4 7. f3 Bg6 8.
Nxg6 hxg6 9. Bd3 Nbd7 10. Bd2 Bd6 11. f4 dxc4 12. Bxc4 O-O 13. Qf3 c5 14.
O-O cxd4 15. exd4 Nb6 16. Bb3 Bb4 17. Rad1 Qd7 18. g4 Rac8 19. Be1 Nc4 20.
Qe2 b5 21. Rd3 Rfd8 22. Bh4 Nxb2 23. Qxb2 Rxc3 24. Rdd1 Rh3 25. Bxf6 gxf6
26. Qg2 Re3 27. f5 exf5 28. gxf5 g5 29. h4 Qc7 30. Rf3 Qc3 31. Rxe3 Qxe3+
32. Qf2 Qxf2+ 33. Kxf2 gxh4 34. Rg1+ Kf8 35. Rg4 Re8 36. Kf3 Be1 37. Rg1
Bg3 38. Rc1 Bb8 39. Rh1 Bg3 40. Rc1 Rd8 41. Rc5 Rxd4 42. Rxb5 Kg7 43. Ra5
Kh6 44. Ra4 Rd3+ 45. Ke2 Rc3 46. Rxa7 h3 47. Bd5 h2 48. Rxf7 Be5 49. Rf8
Kg5 50. Rh8 Kxf5 51. Kf2 Rc5 52. Bb7 Rc2+ 53. Kf3 Rxa2 54. Be4+ Ke6 55. Rh5
Ra1 56. Kf2 Rg1 57. Ke2 Bg3 58. Bd5+ Kd6 59. Bf3 Re1+ 60. Kd2 Re7 61. Kd3
Bf4 62. Kd4 Re3 63. Bh1 Re1 64. Bf3 Be5+ 65. Kd3 Ke6 66. Be4 Bf4 67. Bd5+
Kd6 68. Be4 Re3+ 69. Kd4 Ra3 70. Bg2 Be5+ 71. Ke4 Ke6 72. Rh6 Ra4+ 73. Kf3
Kf5 74. Rh5+ Kg6 75. Rh8 Ra3+ 76. Kf2 Kg5 77. Bd5 Rd3 78. Bb7 f5 79. Rh7
Kg4 80. Ke2 Rb3 81. Bd5 Rb2+ 82. Kd3 Bf4 83. Bc6 Rd2+ 84. Kc3 Rd1 85. Bb7
Be5+ 86. Kc2 Rd4 87. Rh6 Rd7 88. Ba8 Bf4 89. Rh8 Rd2+ 90. Kb3 Be5 91. Rg8+
Kf4 92. Rg6 Rd8 93. Bg2 Rd1 94. Rh6 Kg5 95. Rh3 Kg4 96. Rh6 Rc1 97. Bd5
Rc3+ 98. Kb4 Rh3 99. Rxh3 Kxh3 100. Kc4 Kg3 101. Kd3 Kf2 0-1

[Event "World Cup"]
[Site "Khanty-Mansiysk RUS"]
[Date "2007.11.28"]
[Round "2.2"]
[White "Nevednichy,V"]
[Black "Fressinet,L"]
[Result "1/2-1/2"]
[WhiteElo "2531"]
[BlackElo "2654"]
[EventDate "2007.11.24"]

1. e4 e5 2. Bc4 Nf6 3. d3 Bc5 4. Nf3 Nc6 5. c3 a6 6. Bb3 Ba7 7. h3 d6 8.
Nbd2 O-O 9. Nf1 d5 10. Qe2 dxe4 11. dxe4 Qe7 12. Ng3 Be6 13. Bc2 Ne8 14.
O-O Nd6 15. Re1 f6 16. Nh2 Rad8 17. Ng4 Qf7 18. Bb1 Kh8 19. Ne3 Rd7 20. b3
Rfd8 21. Ngf1 Ne7 22. h4 Nb5 23. Bb2 Bc5 24. a4 Nd6 25. c4 Nc6 26. Ng3 Nxc4
27. Nxc4 Bxc4 28. Qxc4 Qxc4 29. bxc4 Rd2 30. Bc3 Bxf2+ 31. Kf1 Bxe1 32.
Kxe1 Rxg2 33. Ne2 Rh2 34. Bc2 Rxh4 35. Kf2 Rh2+ 36. Kf1 h5 37. Re1 Rh1+ 38.
Ng1 Rh2 39. Ne2 Rh1+ 40. Ng1 Rh2 41. Ne2 Rh1+ 1/2-1/2

[Event "World Cup"]
[Site "Khanty-Mansiysk RUS"]
[Date "2007.11.28"]
[Round "2.2"]
[White "Nisipeanu,LD"]
[Black "Zhao Jun"]
[Result "1/2-1/2"]
[WhiteElo "2668"]
[BlackElo "2552"]
[EventDate "2007.11.24"]

1. e4 e5 2. Nf3 Nf6 3. Nxe5 d6 4. Nf3 Nxe4 5. Nc3 Nf6 6. d4 Be7 7. h3 O-O
8. Bd3 Nbd7 9. O-O b6 10. Re1 Bb7 11. Bg5 Re8 12. Bc4 a6 13. a4 d5 14. Bd3
h6 15. Bh4 c5 16. Bf5 Nf8 17. dxc5 bxc5 18. Bxf6 Bxf6 19. Rxe8 Qxe8 20.
Nxd5 Bxb2 21. Rb1 Rd8 22. c4 Bxd5 23. cxd5 Bd4 24. Qb3 Qe7 25. Qc4 Qf6 26.
Bd3 a5 27. Nxd4 cxd4 28. Qc5 Nd7 29. Qxa5 Ne5 30. Be4 g6 31. Qd2 g5 32. Rd1
Rc8 33. a5 Rc4 34. Bd3 Nxd3 35. Qxd3 Ra4 36. g3 Qd8 37. Qe4 Rxa5 38. Qxd4
Qd6 39. Kg2 Rb5 40. Qc4 Rb4 41. Qd3 Rb8 42. Qf5 Kg7 43. h4 Qf6 44. Qxf6+
Kxf6 45. d6 gxh4 46. gxh4 Ke6 47. d7 Ke7 48. Kf3 Kd8 49. Rd4 Rb6 50. Kg4
Ra6 51. Kf5 Rb6 52. Rd5 Ra6 53. Ke5 Re6+ 54. Kf5 Ra6 55. f3 Rb6 56. Kg4
Rg6+ 57. Kh5 Rf6 58. Rd3 Rg6 59. f4 Rf6 60. Rd4 Ra6 61. Rd5 Rf6 62. Kg4
Rg6+ 63. Kf3 Ra6 64. Rf5 Kxd7 65. Rxf7+ Ke6 66. Rb7 Ra5 67. Rb8 h5 68. Rg8
Ra3+ 1/2-1/2

[Event "World Cup"]
[Site "Khanty-Mansiysk RUS"]
[Date "2007.11.29"]
[Round "2.3"]
[White "Ivanchuk,V"]
[Black "Galkin,A"]
[Result "1-0"]
[WhiteElo "2787"]
[BlackElo "2608"]
[EventDate "2007.11.24"]

1. e4 c6 2. d4 d5 3. Nd2 dxe4 4. Nxe4 Nd7 5. Ng5 Ngf6 6. Bd3 e6 7. N1f3 Bd6
8. Qe2 h6 9. Ne4 Nxe4 10. Qxe4 Qc7 11. O-O b6 12. Qg4 Kf8 13. Qh4 c5 14.
Be4 Rb8 15. Rd1 c4 16. Bc6 Ba6 17. d5 e5 18. a4 Kg8 19. Nd2 g5 20. Qg4 Nf6
21. Qe2 Rd8 22. Nxc4 e4 23. h3 Bh2+ 24. Kh1 Be5 25. Bb5 Bb7 26. Nxe5 Qxe5
27. c4 a6 28. Bc6 Bxc6 29. dxc6 Rc8 30. Bd2 Rxc6 31. Bc3 Qe7 32. a5 Kg7 33.
axb6 Rxb6 34. c5 Qxc5 35. Bd4 Qb5 36. Qxb5 Rxb5 37. Rxa6 Rf5 38. Bc3 Rc8
39. Kg1 Rxc3 40. bxc3 Rc5 41. Rc1 Nd5 42. c4 Nf4 43. Rc2 Nd3 44. Rb6 Ne5
45. Rb4 f6 46. Rb5 Rxc4 47. Rxc4 Nxc4 48. Rb4 Nd2 49. Rd4 e3 50. fxe3 Nb3
51. Rd5 Kf7 52. Kf2 Ke6 53. e4 Na1 54. h4 Nc2 55. h5 Nb4 56. Rd8 Nc6 57.
Ra8 Ne5 58. Ke3 1-0

[Event "World Cup"]
[Site "Khanty-Mansiysk RUS"]
[Date "2007.11.29"]
[Round "2.3"]
[White "Volokitin,And"]
[Black "Zhou Jianchao"]
[Result "1/2-1/2"]
[WhiteElo "2678"]
[BlackElo "2566"]
[EventDate "2007.11.24"]

1. e4 e5 2. Nf3 Nc6 3. Bb5 Nf6 4. O-O Nxe4 5. d4 Nd6 6. Bxc6 dxc6 7. dxe5
Nf5 8. Qxd8+ Kxd8 9. Nc3 Ke8 10. h3 b6 11. Rd1 Be7 12. Ne2 h5 13. Bg5 Bxg5
14. Nxg5 f6 15. exf6 gxf6 16. Nf3 Kf7 17. Nfd4 Nxd4 18. Nxd4 Bd7 19. h4
Rhg8 20. Rd3 c5 21. Ne2 Bb5 22. Re3 Bxe2 23. Rxe2 Rge8 24. Kf1 Rxe2 25.
Kxe2 Re8+ 26. Kf3 Rd8 27. Ke3 Re8+ 28. Kd2 Rd8+ 29. Kc3 Rd4 30. g3 Re4 31.
Rd1 Ke6 32. Rd8 Kf5 33. Kd3 c4+ 34. Kd2 Kg4 35. Rd7 Kf3 36. Rxc7 Kxf2 37.
Rxa7 Kxg3 38. Ra6 Kxh4 39. Rxb6 f5 40. a4 Kg4 41. a5 h4 42. a6 Re8 43. Rg6+
Kf3 44. Rh6 Kg3 45. Rg6+ Kf3 46. b4 cxb3 47. cxb3 Rh8 48. a7 Ra8 49. Rg7 h3
50. Rh7 Kg3 51. Rg7+ Kf3 52. Rh7 Kg3 53. Rg7+ 1/2-1/2

[Event "World Cup"]
[Site "Khanty-Mansiysk RUS"]
[Date "2007.11.29"]
[Round "2.3"]
[White "Rublevsky,S"]
[Black "Navara,D"]
[Result "1-0"]
[WhiteElo "2676"]
[BlackElo "2656"]
[EventDate "2007.11.24"]

1. e4 e5 2. Bc4 Nf6 3. d3 Nc6 4. Nc3 Bb4 5. Nge2 d5 6. exd5 Nxd5 7. O-O
Bxc3 8. Nxc3 Nxc3 9. bxc3 O-O 10. f4 Na5 11. Bb3 exf4 12. Bxf4 Nxb3 13.
axb3 Qd5 14. c4 Qc6 15. Qe1 b6 16. Qg3 Bb7 17. Bxc7 Rae8 18. d4 b5 19. Bd6
bxc4 20. Bxf8 Kxf8 21. Rxa7 cxb3 22. Rxf7+ Kxf7 23. Qxb3+ Kf8 24. Rxb7 Qf6
25. Qb4+ Kg8 26. Qc4+ Kh8 27. Rb1 Qf4 28. Qd3 h6 29. Rf1 Qd6 30. c4 Rd8 31.
d5 Qc5+ 32. Kh1 Rc8 33. h3 Kg8 34. d6 Qxc4 35. d7 1-0

[Event "World Cup"]
[Site "Khanty-Mansiysk RUS"]
[Date "2007.11.29"]
[Round "2.3"]
[White "Nisipeanu,LD"]
[Black "Zhao Jun"]
[Result "1-0"]
[WhiteElo "2668"]
[BlackElo "2552"]
[EventDate "2007.11.24"]

1. e4 e5 2. Nf3 Nf6 3. d4 Nxe4 4. Bd3 d5 5. dxe5 Be7 6. O-O Nc5 7. Nc3 c6
8. Nd4 O-O 9. f4 f5 10. Kh1 Kh8 11. Be2 Ne6 12. Bf3 Nxd4 13. Qxd4 Na6 14.
Ne2 Nc5 15. Be3 a5 16. Rad1 Be6 17. c3 Bg8 18. Qd2 Ne4 19. Qc2 Qe8 20. c4
Qg6 21. Bxe4 fxe4 22. cxd5 Bxd5 23. Ng3 Bh4 24. f5 Qe8 25. Bf4 Bxg3 26.
Bxg3 Qh5 27. f6 e3 28. Rde1 Rae8 29. Rxe3 gxf6 30. Qc3 Qh3 31. Rf2 Qe6 32.
Rxf6 Qh3 33. Re2 Qg4 34. Re1 Rxf6 35. exf6 Rxe1+ 36. Qxe1 Qe4 37. Kg1 Kg8
38. Qxe4 Bxe4 39. Kf2 a4 40. a3 Kf7 41. Be5 b5 42. Bd4 Bd5 43. g4 Be4 44.
Ke3 Bb1 45. Be5 c5 46. h4 Ke6 47. h5 b4 48. Kf4 bxa3 49. bxa3 Bc2 50. g5
Kf7 51. Bc3 Bd1 52. g6+ hxg6 53. h6 g5+ 54. Kxg5 Bc2 55. Kf4 Ke6 56. Ke3
Bh7 57. Kf4 Bc2 58. Kg5 Bh7 59. Bd2 Bd3 60. Be3 c4 61. Bd4 Kf7 62. Kf4 Ke6
63. Ke3 Bg6 64. Kd2 Kf7 65. Kc3 Kg8 66. Kb4 Be8 67. Kxc4 Kh7 68. Be3 Kg6
69. Bg5 Bf7+ 70. Kc5 Bg8 71. Kd6 Kf7 72. Kd7 Bh7 73. Kc6 Bc2 74. Kd5 Bb3+
75. Kd4 Kg6 76. Kc5 Bg8 77. Kd6 Kf7 78. Ke5 Bh7 79. Bd2 Bg8 80. Bc1 Kg6 81.
Bg5 Kf7 82. Kd4 Kg6 83. Kc5 Bb3 84. Kd6 Bg8 85. Ke7 Bb3 86. Bd2 Bg8 87. f7
Bxf7 88. h7 Kxh7 89. Kxf7 Kh8 90. Bc3+ Kh7 91. Bd4 Kh6 92. Kg8 Kg6 93. Bc3
Kh6 94. Bd4 Kg6 95. Bg7 Kf5 96. Kf7 Kg5 97. Bf8 Kf5 98. Bh6 Ke5 99. Ke7 Kf5
100. Bg7 Kg6 101. Be5 Kf5 102. Bh2 Kg6 103. Be5 Kf5 104. Kd6 Kg6 105. Ke6
Kg5 106. Bh2 Kg6 107. Ke7 Kg7 108. Be5+ Kg8 109. Ke8 Kh7 110. Kd7 Kg8 111.
Kc6 Kf7 112. Kb5 Ke6 113. Kxa4 1-0

[Event "World Cup"]
[Site "Khanty-Mansiysk RUS"]
[Date "2007.11.29"]
[Round "2.4"]
[White "Galkin,A"]
[Black "Ivanchuk,V"]
[Result "1/2-1/2"]
[WhiteElo "2608"]
[BlackElo "2787"]
[EventDate "2007.11.24"]

1. e4 e5 2. Nf3 Nc6 3. Bb5 a6 4. Ba4 Nf6 5. O-O Be7 6. d3 b5 7. Bb3 d6 8.
a4 Bd7 9. Bd2 O-O 10. axb5 axb5 11. Nc3 Rxa1 12. Qxa1 Qb8 13. Nd5 Nxd5 14.
Bxd5 Bf6 15. h3 Ne7 16. Bb3 Qa8 17. Ng5 Bxg5 18. Bxg5 Nc6 19. c3 Be6 20.
Bxe6 fxe6 21. Qd1 h6 22. Bc1 Qa4 23. Qg4 Rf6 24. Qh5 Qa8 25. Be3 Ne7 26.
Qd1 c5 27. Qb3 Qa6 28. d4 c4 29. Qb4 exd4 30. cxd4 Ng6 31. f3 d5 32. Rd1
Kh7 33. Kh1 Rf7 34. Bc1 Qc6 35. Re1 Rd7 36. exd5 Rxd5 37. Be3 e5 38. dxe5
Nxe5 39. Qe7 Nd3 40. Qe4+ Qg6 41. Qxd5 Nxe1 42. Qd2 1/2-1/2

[Event "World Cup"]
[Site "Khanty-Mansiysk RUS"]
[Date "2007.11.29"]
[Round "2.5"]
[White "Volokitin,And"]
[Black "Zhou Jianchao"]
[Result "0-1"]
[WhiteElo "2678"]
[BlackElo "2566"]
[EventDate "2007.11.24"]

1. e4 e5 2. Nf3 Nc6 3. Bc4 Bc5 4. d3 Nf6 5. O-O d6 6. c3 O-O 7. Bb3 a6 8.
h3 Ba7 9. Re1 Ne7 10. d4 Ng6 11. Nbd2 h6 12. Nf1 Re8 13. Ng3 Be6 14. Bc2 c6
15. Be3 Qc7 16. Qd2 Rad8 17. Nf5 exd4 18. cxd4 d5 19. Nxg7 Kxg7 20. Bxh6+
Kg8 21. Bg5 Nxe4 22. Bxe4 dxe4 23. Bf6 Qf4 24. Qxf4 Nxf4 25. Rxe4 Nd5 26.
Bxd8 Rxd8 27. Rae1 Nf6 28. Rf4 Kg7 29. Re5 Nh7 30. Rh5 Bb8 31. Rfh4 Nf8 32.
Ne5 Bxe5 33. dxe5 Ng6 34. Rb4 b5 35. f4 Bc4 36. Rg5 a5 37. Rxc4 bxc4 38. h4
Kf8 39. g3 Ke7 40. h5 Nf8 41. f5 Rd5 0-1

[Event "World Cup"]
[Site "Khanty-Mansiysk RUS"]
[Date "2007.11.29"]
[Round "2.5"]
[White "Navara,D"]
[Black "Rublevsky,S"]
[Result "1/2-1/2"]
[WhiteElo "2656"]
[BlackElo "2676"]
[EventDate "2007.11.24"]

1. e4 c5 2. Nf3 e6 3. b3 d6 4. Bb2 Nd7 5. d4 cxd4 6. Nxd4 Ngf6 7. Bd3 Nc5
8. Nd2 Be7 9. O-O O-O 10. Qe2 a6 11. c4 Nxd3 12. Qxd3 Bd7 13. Kh1 Rb8 14.
a4 Bc6 15. f4 Nd7 16. b4 Bf6 17. N2b3 e5 18. Nxc6 bxc6 19. Qxd6 exf4 20. e5
Be7 21. Qxc6 Rxb4 22. Rad1 Nb8 23. Qf3 Qb6 24. Bd4 Qc6 25. Nd2 Qxf3 26.
Rxf3 Rd8 27. Rxf4 Bg5 28. Bc5 Bxf4 29. Bxb4 Nc6 30. Bd6 Bxe5 31. Bxe5 Nxe5
32. Rb1 h6 33. Ne4 Nxc4 34. Nc5 a5 35. h3 Rd2 36. Re1 Rc2 37. Re8+ Kh7 38.
Nd7 g5 39. Rc8 Ne3 40. Rxc2 Nxc2 41. Ne5 Nd4 42. Nxf7 Kg6 43. Nd8 Kf5 44.
Kh2 h5 45. Nb7 Nb3 46. Kg3 Ke4 47. Nd6+ Kd5 48. Nb7 Ke5 49. Kf3 Kd4 50. h4
gxh4 51. Kf4 Nc5 52. Nxa5 Nxa4 53. Kg5 Nc3 54. Kxh4 Ne2 55. Kxh5 Ke4
1/2-1/2

[Event "World Cup"]
[Site "Khanty-Mansiysk RUS"]
[Date "2007.11.29"]
[Round "2.6"]
[White "Sasikiran,K"]
[Black "Zvjaginsev,V"]
[Result "1-0"]
[WhiteElo "2661"]
[BlackElo "2674"]
[EventDate "2007.11.24"]

1. d4 c5 2. d5 g6 3. e4 Bg7 4. c4 b5 5. Nf3 bxc4 6. Bxc4 d6 7. h3 Nf6 8.
Nc3 O-O 9. O-O Nfd7 10. Re1 Ba6 11. Bxa6 Nxa6 12. Bg5 Rb8 13. Qe2 Nc7 14.
Rac1 Re8 15. Rc2 Qc8 16. Bf4 Rxb2 17. Rxb2 Bxc3 18. Reb1 Bxb2 19. Qxb2 Nb6
20. g4 f6 21. Kg2 g5 22. Bg3 Qd7 23. Qc2 Nb5 24. Qd3 c4 25. Qe3 h6 26. h4
c3 27. hxg5 hxg5 28. Nxg5 c2 29. Rh1 Qxg4 30. Ne6 Rc8 31. Qh6 Kf7 32. Qh7+
Ke8 33. f3 1-0